Bayern München Spieler mit den meisten Einsätzen - Statistiken

Allgemein
  • Dieses Quiz wurde 263 mal gespielt
    199 seit der letzten Aktualisierung
  • Das Durchschnittsergebnis liegt bei 11 aus 18
Antwortstatistiken
Spiele Spieler % Korrekt
427 Gerd Müller
99%
427 Thomas Müller
99%
322 Manuel Neuer
93%
332 Philipp Lahm
90%
342 Bastian Schweinsteiger
83%
429 Oliver Kahn
79%
396 Franz Beckenbauer
77%
273 Franck Ribery
72%
302 Lothar Matthäus
72%
310 Karl-Heinz Rummenigge
68%
473 Sepp Maier
67%
281 David Alaba
42%
334 Mehmet Scholl
33%
404 Klaus Augenthaler
32%
416 Georg "Katsche" Schwarzenbeck
30%
322 Franz "Bulle" Roth
18%
375 Bernd Dürnberger
8%
277 Hans Pflügler
8%
Keine übereinstimmenden Quizze gefunden
Verteilung der Resultate
Anzahl Personen mit jedem Resultat
Perzentil nach korrekt beantworteten Fragen
Ihre Resultats-Entwicklung
Sie haben dieses Quiz seit der letzten Aktualisierung nicht gespielt